000 00604cam5a220021700 4500
001 zam00002258
008 951128s1976 xx eng u
035 _a(Sirsi) r19637
035 _a(MACHINE)SLC.
100 _aAinsworth, G. C.
_6A80581.1
245 1 0 _aIntroduction to the history of mycology.
260 _c1976.
949 _aQK603
_wlcc
_mMAIN
_p2500
_tBOOK
_lON-SHELF
004 19637
591 _aClass code: BS 935.
591 _aCourse: Plant pathology.
591 _aSchool: S09.
591 _aLecturer: Prof. KAPOORIA, R.G.
591 _aNumber of Students: 29.
909 _aBook
999 _c168873
_d168873